Rozvoj vedeckého vzdelávania v 21. storočí

Význam vedy a vedeckých poznatkov v spoločnosti a dôležité európske dokumenty, ktoré zjednocujú vzdelávacie systémy. Problémy obsahovej prestavby vzdelávania na Slovensku.

Guardado en:
Detalles Bibliográficos
Autor principal: Adamcová, Lívia
Formato: Capítulo de libro
Lenguaje:eslovaco
Materias:
Etiquetas: Agregar Etiqueta
Sin Etiquetas, Sea el primero en etiquetar este registro!

MARC

LEADER 00000nla$a2200000$$$4500
001 0120435
005 20240502072343.6
041 0 |a slo 
044 |a SK 
245 1 0 |a Rozvoj vedeckého vzdelávania v 21. storočí  |c Lívia Adamcová 
520 |a Význam vedy a vedeckých poznatkov v spoločnosti a dôležité európske dokumenty, ktoré zjednocujú vzdelávacie systémy. Problémy obsahovej prestavby vzdelávania na Slovensku. 
610 2 0 |a vzdelávanie 
610 2 0 |a vyučovanie 
610 2 0 |a veda 
610 2 0 |a spoločnosť vedomostná 
610 2 0 |a spolupráca medzinárodná 
610 2 0 |a Európska únia 
610 2 0 |a Slovensko 
100 1 |a Adamcová, Lívia